|
|
|
|
| LEADER |
00000nam0a2200000 4500 |
| 001 |
272273 |
| 005 |
20231101234522.0 |
| 035 |
|
|
|a (RuTPU)RU\TPU\book\295479
|
| 090 |
|
|
|a 272273
|
| 100 |
|
|
|a 20141016d1987 k y0rusy50 ca
|
| 101 |
0 |
|
|a rus
|
| 102 |
|
|
|a RU
|
| 105 |
|
|
|a a z 001zb
|
| 200 |
1 |
|
|a Избранные труды
|e статьи 1909-1965
|f П. Дебай
|
| 210 |
|
|
|a Ленинград
|c Наука
|d 1987
|
| 215 |
|
|
|a 559 с.
|c ил.
|
| 225 |
1 |
|
|a Классики науки
|
| 320 |
|
|
|a Библиография трудов: с. 543-553
|
| 320 |
|
|
|a Литература: с. 554
|
| 320 |
|
|
|a Именной указатель: с. 555-557
|
| 600 |
|
1 |
|a Дебай
|b П.
|c американский физик
|c Нобелевский лауреат
|f 1884-1966
|g Петер
|2 stltpush
|3 (RuTPU)RU\TPU\pers\21169
|9 8817
|
| 606 |
1 |
|
|a Физика
|2 stltpush
|3 (RuTPU)RU\TPU\subj\63709
|9 80688
|
| 610 |
1 |
|
|a физики
|
| 610 |
1 |
|
|a кристаллы
|
| 610 |
1 |
|
|a теплоемкость
|
| 610 |
1 |
|
|a рентгеновские лучи
|
| 610 |
1 |
|
|a дифракция
|
| 610 |
1 |
|
|a электрические заряды
|
| 610 |
1 |
|
|a экранирование
|
| 610 |
1 |
|
|a рассеяние света
|
| 675 |
|
|
|a 53
|v 4
|
| 700 |
|
1 |
|a Дебай
|b П.
|g Петер
|
| 801 |
|
1 |
|a RU
|b 63413507
|c 20141016
|
| 801 |
|
2 |
|a RU
|b 63413507
|c 20200828
|g RCR
|
| 942 |
|
|
|c BK
|